| 000 | 00624nam a2200181 i 4500 | ||
|---|---|---|---|
| 001 | 43276 | ||
| 003 | ES-MaACL | ||
| 007 | t| | ||
| 008 | 030317s1982 sp ||||1| spa d | ||
| 100 | 1 |
_aCatalán L., Enrique. _937029 |
|
| 245 | 1 | 0 |
_aTratamiento y depuración de aguas _b: eficiencia y alcance de estos procesos en la transmisión de las enfermedades hídricas / _cEnrique Catalán L. |
| 260 |
_aMadrid : _bHermann Blume, _c[1982] |
||
| 300 |
_a123 p. ; _c21 cm. |
||
| 490 | 1 | _aCiencias de la naturaleza | |
| 830 | 0 |
_aCiencias de la naturaleza _9183428 |
|
| 852 |
_aES-MaACL _jL-4662 _bR.105013 |
||
| 999 |
_c43276 _d43276 |
||